01295nam a2200289 i 4500003000900000005001700009007000300026008004100029020001800070040003000088082001400118100004300132110012600175245006900301264003700370300004500407336002700452337003300479338002800512590002700540910000700567942001400574952013000588952013500718952013500853999001700988DO-SdBNP20250422182808.0ta240610s2024 dr d 000 0 spa d a9789945623246 aDO-SdBNPbspacBNPHUerda 222bP123d aPadilla Guerrero, Amableeautor9856091 aRepública Dominicana. Ministerio de Economía, Planificación y Desarrollo.bOficina Nacional de Estadística97580610aLa diplomacia y otros ejes de la gobernanza mundial :bcompendio 1aSanto Domingo :bINESDYC,c2024. a82 páginas :bilustraciones ; c23 cm. 2rdacontentatextobtxt 2rdamediaasin mediaciónbn 2rdacarrieravolumenbnc aInventariado, 2024/ DG aDG 2ddccLBS1 00102ddc51708PDaBNPHUbBNPHUcCTd2024-06-10edeposito legall0oBNPHU PD P123dp2024-3277r2024-06-10w2024-06-10yLBS1 00102ddc51708PDaBNPHUbBNPHUcCTd2024-06-10edeposito legall0oBNPHU PD P123dp2024-3278r2024-06-10te.2w2024-06-10yLBS1 00102ddc56708DSaBNPHUbBNPHUcCTd2024-06-10edeposito legall0oBNPHU DS P123dp2024-3279r2024-06-10te.3w2024-06-10yLBS1 c56789d56789